Άνθρωποι στα σύνορα : διηγήματα

Αποθηκεύτηκε σε:
Λεπτομέρειες βιβλιογραφικής εγγραφής
Κύριος συγγραφέας: Στεργιόπουλος, Θωμάς Σ., 1951-
Μορφή: Βιβλίο
Γλώσσα:Greek
Δημοσίευση: Αθήνα : Ροές, c2004.
Σειρά:Έλληνες συγγραφείς (Ροές)
Θέματα:
Ετικέτες: Προσθήκη ετικέτας
Δεν υπάρχουν, Καταχωρήστε ετικέτα πρώτοι!

MARC

LEADER 00000cam a2200000 a 4500
001 1/122301
008 201110s2004####gr | ||| |||| ||gre||
020 |a 9602832010 
040 |a GR-MyUa  |b gre  |c GR-MyUa  |e AACR2 
041 0 |a gre 
082 7 |a 889.3   |2 (23) 
100 1 |a Στεργιόπουλος, Θωμάς Σ.,  |d 1951- 
245 1 0 |a Άνθρωποι στα σύνορα :   |b διηγήματα /   |c Θωμάς Στεργίοπουλος. 
260 |a Αθήνα :   |b Ροές,   |c c2004. 
490 1 |a (Έλληνες συγγραφείς / Ροές) 
650 0 |a Short stories, Greek (Modern) 
830 0 |a Έλληνες συγγραφείς (Ροές) 
852 |a INST  |b SYROS  |e 20201110  |h 889.3 ΣΤΕ  |p 005500014739  |q 005500014739  |t BK  |y 0 
920 |a Τράπεζα της Ελλάδος  |b Βιβλιοθήκη  |y Σύρος  |z 2020-07 
970 |a Κοντού  |b Παρασκευή  |z 10/11/2020